[Event "CAN-ch U12"]
[Site "Quebec"]
[Date "2018.07.05"]
[Round "7.86"]
[White "Parent, Etienne"]
[Black "Tso, Kevin"]
[Result "1/2-1/2"]
[WhiteElo "1024"]
[BlackElo "634"]
[PlyCount "49"]
[EventDate "2018.07.02"]
[EventType "swiss"]
[EventRounds "7"]
[EventCountry "CAN"]
[SourceTitle "EXT 2022"]
[Source "ChessBase"]
[SourceDate "2021.10.06"]
[SourceVersion "1"]
[SourceVersionDate "2021.10.06"]
[SourceQuality "1"]

1. e4 e5 2. Nf3 Nc6 3. Bc4 Nf6 4. Ng5 d5 5. exd5 Nxd5 6. Bxd5 Qxd5 7. Nc3 Qd8 8. d3 Bb4 9. 0-0 h6 10. Nge4 Bxc3 11. Nxc3 f5 12. Re1 0-0 13. Qf3 Be6 14. h3 Nd4 15. Qxb7 Nxc2 16. Rxe5 Nxa1 17. Rxe6 Nc2 18. Rg6 Qe8 19. Qxc7 Qxg6 20. Nd5 Nd4 21. Ne7+ Kh7 22. Nxg6 Rfc8 23. Qd6 Ne2+ 24. Kf1 Nxc1 25. Qe6 1/2-1/2

[Event "CAN-ch U12"]
[Site "Quebec"]
[Date "2018.07.04"]
[Round "6.81"]
[White "Tso, Kevin"]
[Black "Ripley, Noah"]
[Result "1/2-1/2"]
[WhiteElo "634"]
[BlackElo "1184"]
[PlyCount "121"]
[EventDate "2018.07.02"]
[EventType "swiss"]
[EventRounds "7"]
[EventCountry "CAN"]
[SourceTitle "EXT 2022"]
[Source "ChessBase"]
[SourceDate "2021.10.06"]
[SourceVersion "1"]
[SourceVersionDate "2021.10.06"]
[SourceQuality "1"]

1. e4 e5 2. Nf3 Nc6 3. Bb5 a6 4. Bxc6 dxc6 5. 0-0 Bd6 6. d4 exd4 7. Nxd4 Nf6 8. f3 0-0 9. Be3 Be5 10. Nc3 Qe7 11. f4 Bxd4 12. Bxd4 Nxe4 13. Re1 Bf5 14. g4 Nxc3 15. Rxe7 Nxd1 16. gxf5 c5 17. Bxc5 Nxb2 18. Rxc7 Rfb8 19. Bd4 Na4 20. Re1 b5 21. Ree7 Rf8 22. c4 Rad8 23. Red7 Rxd7 24. Rxd7 bxc4 25. Rc7 c3 26. Rc4 Nb2 27. Rxc3 h6 28. Rg3 f6 29. Bxb2 Rb8 30. Rb3 Rc8 31. h4 Rc5 32. Rb6 Rxf5 33. Bc1 Rc5 34. Be3 Ra5 35. Rb2 Ra3 36. Bd4 Kf7 37. Kf2 Kg6 38. Be3 Kh5 39. Kf3 Kg6 40. Re2 Kh5 41. Ke4 Ra4+ 42. Kd5 Kxh4 43. Ke6 Kg3 44. Bc1 Rc4 45. Bd2 Rc2 46. a4 a5 47. Kf5 Ra2 48. Kg6 Rxa4 49. Kxg7 f5 50. Re3+ Kg4 51. Kf6 Ra2 52. Bc1 Rc2 53. Re1 Rc6+ 54. Ke5 Rc3 55. Bd2 Rc5+ 56. Kd4 Rc2 57. Kd3 Rb2 58. Bxa5 Kxf4 59. Bd2+ Kg3 60. Bxh6 f4 61. Bxf4+ 1/2-1/2

[Event "CAN-ch U12"]
[Site "Quebec"]
[Date "2018.07.03"]
[Round "3.90"]
[White "Moffatt, Trenton"]
[Black "Tso, Kevin"]
[Result "0-1"]
[WhiteElo "786"]
[BlackElo "634"]
[PlyCount "106"]
[EventDate "2018.07.02"]
[EventType "swiss"]
[EventRounds "7"]
[EventCountry "CAN"]
[SourceTitle "EXT 2022"]
[Source "ChessBase"]
[SourceDate "2021.10.06"]
[SourceVersion "1"]
[SourceVersionDate "2021.10.06"]
[SourceQuality "1"]

1. d4 Nf6 2. e3 d5 3. c3 Bf5 4. Na3 Nc6 5. f3 e5 6. dxe5 Nxe5 7. e4 dxe4 8. fxe4 Bxe4 9. Qb3 Nd3+ 10. Ke2 Nxc1+ 11. Rxc1 Qd3+ 12. Ke1 Qe3+ 13. Ne2 Ng4 14. Qa4+ c6 15. Qd4 Bc5 16. Nc4 Bxd4 17. Nxe3 Bxe3 18. Rd1 Nf2 19. Rd6 Nxh1 20. Ng3 Bf2+ 21. Ke2 Bxg3 22. hxg3 Nxg3+ 23. Kf2 Nxf1 24. Kxf1 Rd8 25. Rd4 Rxd4 26. cxd4 Bxg2+ 27. Kxg2 h5 28. Kh3 g5 29. b4 g4+ 30. Kh4 f5 31. d5 cxd5 32. b5 a6 33. a4 axb5 34. Kg5 Rg8+ 35. Kxf5 g3 36. a5 g2 37. a6 bxa6 38. Ke5 Rg6 39. Kf5 a5 40. Kxg6 a4 41. Kf5 g1Q 42. Ke5 Qg6 43. Kxd5 Qf6 44. Kc5 Qe6 45. Kxb5 Qd6 46. Kxa4 Qb8 47. Ka5 Kd7 48. Ka4 Kc6 49. Ka3 Qb5 50. Ka2 Kc5 51. Ka1 Kc4 52. Ka2 Kc3 53. Ka3 Qa5# 0-1